Contract for construction : the ASLA short form contract for small construction contracts /

Saved in:
Bibliographic Details
Corporate Author: American Society of Landscape Architects.
Format: Book
Language:English
Published: Washington, D.C. : The Society, 1966.
Series:ASLA doc. ; 81-2
Subjects:
Tags: Add Tag
No Tags, Be the first to tag this record!
LEADER 00624nam a22001817u 4500
001 000000441-3
005 20020606090541.3
008 830127|1966 ||||||| |||| |0||||eng|d
035 0 |a ocm64069478 
245 0 0 |a Contract for construction :  |b the ASLA short form contract for small construction contracts /  |c American Society of Landscape Architects. 
260 0 |a Washington, D.C. :  |b The Society,  |c 1966. 
300 |a 7 p. ;  |c 28 cm. 
490 0 |a ASLA doc. ;  |v 81-2 
650 0 |a Landscape architecture  |x Practice. 
650 0 |a Landscape contracting. 
710 2 |a American Society of Landscape Architects. 
988 |a 20020608 
906 |0 MH